| 000 | 00511nam a2200205Ia 4500 | ||
|---|---|---|---|
| 003 | OSt | ||
| 005 | 20230504154641.0 | ||
| 008 | 210423s2005 xx 000 0 und d | ||
| 020 | _a81835693 | ||
| 040 | _cAL | ||
| 041 | _aeng | ||
| 082 | _a616.079 YADP | ||
| 100 |
_aYADAV (P R);TYAGI (Rajiv). _997888 |
||
| 245 | _aImmuno biotechnology. | ||
| 260 |
_aNew Delhi _bDiscovery Publishing House _c2005 |
||
| 300 |
_av,280 _bPB |
||
| 365 |
_b725 _cINR |
||
| 906 | _abiotechnology. ; Immuno | ||
| 942 |
_2ddc _cBK |
||
| 999 |
_c163247 _d163247 |
||